[Event "9th LCC FIDE Open 2017"]
[Site "London"]
[Date "2017.12.09"]
[Round "9"]
[White "Kotronias, Vasilios"]
[Black "Munguntuul, Batkhuyag"]
[Result "1-0"]
[WhiteElo "2524"]
[BlackElo "2397"]
[Annotator "TA"]
[PlyCount "81"]
[EventDate "2017.??.??"]
[EventCountry "ENG"]
[SourceTitle "playchess.com"]
[Source "ChessBase"]
[SourceQuality "1"]

{[%evp 21,81,53,72,57,54,56,61,60,66,58,65,72,73,68,62,45,67,64,157,59,79,61,125,125,144,89,149,138,163,170,233,189,252,246,372,359,349,321,531,323,315,319,1017,986,985,981,946,914,879,606,602,600,947,919,1293,1050,29981,29982,29989,29989,29990,29987]} 1. e4 c5 2. Nf3 e6 3. d4 cxd4 4. Nxd4 Nc6 5. Nc3 Qc7 6. Be3 a6 7. Qf3 {B48: Sicilian: Taimanov: 5 Nc3 Qc7 6 Be3 a6 without Be2} (7. Bd3 b5 8. O-O Bb7 9. Re1 Nf6 10. Nxc6 Qxc6 11. Bd4 Be7 12. Qf3 d6 13. a3 O-O 14. Qg3 Rad8 15. Rad1 Nh5 16. Qf3 Nf6 {1-0 (44) Carlsen,M (2832)-Grischuk,A (2750) chess.com INT 2017}) 7... Nf6 8. O-O-O Bb4 9. Nxc6 bxc6 10. Bd4 Be7 11. e5 Nd5 {LiveBook: 7 Games} 12. Ne4 {Threatens to win with c4.} c5 13. Nd6+ $1 Bxd6 14. exd6 Qxd6 15. Bxg7 {[#]} Rg8 $146 16. Bh6 {c4 is the strong threat.} Rb8 17. Bc4 $36 {[%mdl 2048] White has some pressure.} Bb7 18. Bxd5 Bxd5 19. Qc3 Ke7 {[#]} ({Avoid the trap} 19... Rxg2 $2 20. Rxd5 $1 {[%mdl 512]} Qxd5 21. Qh8+ Ke7 22. Qxb8 $18) (19... Rg6 $14 20. Be3 f6) 20. Be3 (20. Rhe1 $1 $16) 20... c4 21. Rhg1 f6 (21... Rb5 $14) 22. g4 $16 {[%cal Bg2g4,Bg4g5,Bg5g6][%mdl 32]} Qe5 {[#]} 23. Qa3+ (23. Rd4 $142 $1 {aiming for Bf4.} Qxh2 24. Re1) 23... Kf7 (23... d6 $142) 24. f4 Qe4 25. Qc3 Rg6 (25... d6 $142 26. g5 Qf5) 26. h4 {[%cal Bh2h4,Bh4h5][%mdl 32]} Rbg8 (26... h5 $142) 27. g5 $18 Qf5 (27... h5 {keeps fighting.} 28. Kb1 Re8) 28. h5 R6g7 29. Rgf1 h6 $2 (29... Ke8 {might work better.} 30. Qb4 d6 31. Qxd6 Rd7 32. Qxa6 Kf7) 30. Rxd5 exd5 31. g6+ Ke8 $2 (31... Rxg6 32. hxg6+ Qxg6) 32. Re1 d6 33. Qb4 Qc8 34. Qxd6 {Bb6+ would kill now.} Re7 35. Qxd5 Rgg7 36. a4 Re6 37. f5 Re5 38. Bd2 Rge7 39. Rxe5 {White mates.} Rxe5 40. Qf7+ Kd8 41. Qxf6+ {Precision: White = 75%, Black = 26%.} 1-0

[Event "9th LCC FIDE Open 2017"]
[Site "London"]
[Date "2017.12.09"]
[Round "9"]
[White "Hector, Jonny"]
[Black "Grandelius, Nils"]
[Result "0-1"]
[WhiteElo "2493"]
[BlackElo "2647"]
[Annotator "TA"]
[PlyCount "70"]
[EventDate "2017.??.??"]
[EventCountry "ENG"]
[SourceTitle "playchess.com"]
[Source "ChessBase"]
[SourceQuality "1"]

{[%evp 10,70,28,30,39,16,23,22,16,19,27,0,0,-7,0,0,0,-6,4,-61,0,0,0,-30,-20,-61,-48,-54,-63,-102,-78,-88,-81,-80,-73,-80,-103,-78,-88,-142,-118,-166,-151,-270,-263,-285,-275,-337,-350,-372,-309,-410,-406,-529,-532,-672,-568,-569,-468,-462,-439,-422,-395]} 1. e4 c5 2. Nf3 e6 3. d4 cxd4 4. Nxd4 a6 5. Nc3 d6 6. g4 b5 {B54: Sicilian: 2...d6 3 d4 cxd4 4 Nxd4, Unusual Lines} (6... Ne7 7. h4 b5 8. Bg2 Bb7 9. g5 Nbc6 10. a3 g6 11. h5 Bg7 12. Nde2 O-O 13. hxg6 hxg6 14. Qd3 {1-0 (36) Short,N (2681)-Van Wely,L (2689) Malmo 2013}) 7. Bg2 (7. Qe2 Bb7 8. Bd2 Ne7 9. a4 Nbc6 10. Nxc6 Nxc6 11. axb5 axb5 12. Rxa8 Qxa8 13. Qxb5 Be7 14. Qa4 {0-1 (32) Hector,J (2513)-Grandelius,N (2642) Sweden 2017}) 7... Bb7 8. O-O h6 {The position is equal.} 9. Re1 $146 ({Predecessor:} 9. Be3 Nd7 10. f4 Rc8 11. a3 Be7 12. Qe2 g5 13. f5 e5 14. f6 exd4 15. fxe7 Nxe7 16. Bxd4 {0-1 (43) Zakaryan,D (2320)-Korchmar,V (2409) Moscow 2017}) 9... Ne7 10. a4 b4 11. Nce2 Nec6 12. c3 bxc3 13. Qb3 Qc8 14. bxc3 (14. Qxc3 $11 Nd7 15. Nxc6 Qxc6 16. Qxc6 Bxc6 17. Nd4) 14... Be7 ({Better is} 14... Na5 $15 15. Qb4 Nbc6 16. Nxc6 Nxc6) 15. Rb1 $11 Nd8 16. Ba3 Nd7 17. Ng3 O-O 18. c4 Re8 19. h4 Ne5 20. g5 hxg5 21. hxg5 Qxc4 22. Qxc4 Nxc4 23. Bc1 g6 24. f4 (24. Re2 $142) 24... e5 25. Bf1 Rc8 (25... exd4 26. Bxc4 Rc8 27. Bd5 $15) 26. Nb3 (26. Nf3 $17) 26... exf4 $19 27. Bxf4 Ne6 28. Bc1 Ne5 {And now ...Nf3+ would win.} ({Not} 28... Nxg5 29. Bxg5 Bxg5 30. Bxc4 $19) ({But not} 28... Bxg5 29. Bxc4 Rxc4 30. Na5) 29. Be2 Nxg5 30. Bxg5 Bxg5 31. Na5 Ba8 {Black is clearly winning.} 32. Bxa6 Nf3+ 33. Kf1 Nxe1 34. Bxc8 Rxc8 35. Kxe1 Bh4 {Precision: White = 23%, Black = 62%.} 0-1

[Event "9th LCC FIDE Open 2017"]
[Site "London"]
[Date "2017.12.09"]
[Round "9"]
[White "Gormally, Daniel W"]
[Black "Van Delft, Merijn"]
[Result "1-0"]
[WhiteElo "2477"]
[BlackElo "2393"]
[Annotator "TA"]
[PlyCount "83"]
[EventDate "2017.??.??"]
[EventCountry "ENG"]
[SourceTitle "playchess.com"]
[Source "ChessBase"]
[SourceQuality "1"]

{[%evp 11,83,-12,-2,-8,8,-7,0,-14,16,-8,7,9,65,18,88,86,112,101,127,99,104,117,122,118,155,155,156,152,175,169,226,207,240,198,263,95,94,76,84,51,60,59,56,47,52,0,62,60,62,62,64,51,51,30,60,52,58,62,84,69,250,233,267,257,264,256,348,343,342,341,331,332,323,322]} 1. e4 c5 2. Nf3 d6 3. d4 cxd4 4. Nxd4 Nf6 5. Nc3 a6 6. Qe2 {B90: Sicilian Najdorf: Unusual White 6th moves, 6 Be3 Ng4 and 6 Be3 e5} (6. Be3 e5 7. Nf3 Be7 8. Bc4 O-O 9. O-O Nc6 10. Re1 Be6 11. Nd5 Bxd5 12. exd5 Nb8 13. a4 Nbd7 14. a5 Ng4 15. Bc1 f5 16. Bf1 Bf6 17. h3 Nh6 {1-0 (30) Karjakin,S (2760)-Ivanchuk,V (2729) Medias 2017}) 6... e5 {LiveBook: 20 Games} 7. Nb3 Be6 8. Bd2 $146 {The position is equal.} ({Predecessor:} 8. Be3 Nbd7 9. O-O-O Be7 10. f3 Rc8 11. g4 b5 12. g5 Nh5 13. Kb1 O-O 14. f4 Nxf4 15. Bxf4 exf4 16. Nd4 {0-1 (32) Kontopoulos,D (2023)-Anastasopoulos,S (2203) Athens 2012}) 8... Nbd7 9. O-O-O Be7 10. Rg1 b5 11. g4 {[%cal Bg2g4,Bg4g5][%mdl 32]} Nb6 (11... h6 $11) 12. f4 exf4 (12... b4 $11 13. Nd5 Bxd5 14. exd5 Nfxd5) 13. g5 $16 Nfd7 14. Bxf4 Nc4 15. Nd5 Bxd5 16. exd5 O-O 17. Nd4 {Strongly threatening Nc6.} Nde5 18. Kb1 $1 Re8 19. Bc1 Bf8 20. h4 g6 (20... Ra7 $142 21. b3 Rb7) 21. h5 $18 Bg7 22. hxg6 hxg6 {[#]} (22... Nxg6 $142 23. Qf2 Bxd4 24. Rxd4 Qb6) 23. Rh1 $2 (23. Qh2 $1 $18 {and the rest is easy.}) 23... Nxb2 $16 24. Bxb2 Nc4 25. Qf3 {Threatens to win with Bxc4.} Nxb2 26. Kxb2 Qxg5 27. Rh3 $1 Rac8 28. c3 (28. a3 $14) 28... Rc5 (28... b4 $1 $11 29. Rg3 Rxc3 30. Qxf7+ Kxf7 31. Rxg5 Rce3) 29. Rg3 Qxd5 30. Qxd5 Rxd5 31. Kb3 Rc5 32. Bh3 Ree5 33. Rgd3 a5 34. a3 Bf8 35. Bd7 Kg7 $2 ({Black should play} 35... Bg7 $14) 36. Rf3 a4+ 37. Kc2 {White has a decisive advantage.} Kg8 38. Rdf1 Bg7 {White must now prevent ...Re7.} 39. Rxf7 Re3 {[#]} 40. Rxg7+ $1 ({Less strong is} 40. Nxb5 Bxc3 41. Rf8+ (41. Nxd6 Bb4+ 42. Kd1 Rd5+ 43. Kc2 Bxd6 $11) 41... Kg7 $18) 40... Kxg7 41. Ne6+ Rxe6 42. Bxe6 {Precision: White = 60%, Black = 38%.} 1-0

[Event "9th LCC FIDE Open 2017"]
[Site "London"]
[Date "2017.12.09"]
[Round "9"]
[White "Hambleton, Aman"]
[Black "Sai Agni Jeevitesh, J."]
[Result "1-0"]
[WhiteElo "2474"]
[BlackElo "2384"]
[Annotator "TA"]
[PlyCount "61"]
[EventDate "2017.??.??"]
[EventCountry "ENG"]
[SourceTitle "playchess.com"]
[Source "ChessBase"]
[SourceQuality "1"]

{[%evp 13,61,-6,0,-8,0,-10,13,-4,63,74,68,63,75,70,86,74,97,84,89,91,157,130,186,175,178,125,172,146,195,176,187,185,189,143,273,270,327,297,321,316,289,285,440,437,511,505,610,622,856,849]} 1. c4 e5 2. g3 Nf6 3. Bg2 Nc6 4. Nc3 Bb4 5. e4 O-O 6. Nge2 d6 7. O-O a5 8. d3 {A25: English Opening vs King's Indian with ...Nc6 but without early d3} (8. Nd5 Bc5 9. d3 h6 10. h3 {½-½ (10) Stupak,K (2562)-Azarov,S (2594) Minsk 2017}) 8... h6 9. h3 Nh7 $146 ({Predecessor:} 9... Bc5 10. Kh2 Nd4 11. f4 exf4 12. Nxf4 Be6 13. Ncd5 Bxd5 14. cxd5 c6 15. dxc6 bxc6 {1-0 (36) Prudnikova,S (2411)-Baginskaite,C (2324) Moscow 2001}) 10. f4 {The position is equal.} exf4 (10... Bc5+ $11 11. Kh1 Bd7) 11. gxf4 $14 f5 12. Be3 Bxc3 13. Nxc3 Nf6 14. Qe2 Re8 15. Rae1 a4 16. Kh2 Ra5 (16... Qd7 $142) 17. Bf3 $16 Qd7 (17... a3 $16) 18. Qg2 Nb4 19. Rd1 (19. Bd4 $18 Qf7 20. Qd2) 19... a3 20. b3 c6 21. Bb6 Ra8 22. Bd4 $36 {[%mdl 2048] [#] Threatens to win with Bxf6. White is on the roll.} Qf7 23. c5 d5 (23... dxc5 $16 24. Bxc5 Na6) 24. exd5 $18 cxd5 25. Nb5 Re7 26. Nd6 Qf8 27. Bc3 Nc6 (27... Na6 {was necessary.} 28. Bxf6 Qxf6 29. Bxd5+ Kh7) 28. Bxd5+ {White is clearly winning.} Be6 29. Bf3 Rd8 30. d4 Ne4 31. Bxe4 {Precision: White = 86%, Black = 18%.} 1-0

[Event "9th LCC FIDE Open 2017"]
[Site "London"]
[Date "2017.12.09"]
[Round "9"]
[White "Williams, Simon K"]
[Black "Krishna Teja, N."]
[Result "1/2-1/2"]
[WhiteElo "2453"]
[BlackElo "2368"]
[Annotator "TA"]
[PlyCount "36"]
[EventDate "2017.??.??"]
[EventCountry "ENG"]
[SourceTitle "playchess.com"]
[Source "ChessBase"]
[SourceQuality "1"]

{[%evp 25,36,0,0,0,0,0,18,0,0,0,0,0,6]} 1. d4 Nf6 2. Nf3 e6 3. c4 b6 4. g3 Bb7 5. Bg2 Be7 6. O-O O-O 7. d5 exd5 8. Nh4 c6 9. cxd5 Nxd5 10. Nf5 Nc7 11. e4 d5 12. exd5 cxd5 13. Nc3 Bf6 {The position is equal.} 14. Bf4 {Bxc7 is the strong threat. E17: Queen's Indian: 4 g3 Bb7 5 Bg2 Be7} Nba6 15. Re1 Nc5 (15... Bc8 $5 {[%cal Rc8f5]} 16. Nd6 Be6 $11) 16. Nd6 $146 ({Predecessor:} 16. Bd6 Re8 17. Rxe8+ Nxe8 18. Bxc5 bxc5 19. Nxd5 Bxd5 20. Bxd5 Rb8 21. Qf3 {1-0 (81) Hilby,C (2401)-Taghizadeh,R (2374) Irving 2017}) 16... Bc6 {[#] Hoping for ...g5.} 17. Nxd5 Nxd5 18. Bxd5 Qd7 1/2-1/2

[Event "9th LCC FIDE Open 2017"]
[Site "London"]
[Date "2017.12.09"]
[Round "9"]
[White "Raja Harshit"]
[Black "Jones, Gawain C B"]
[Result "0-1"]
[WhiteElo "2420"]
[BlackElo "2654"]
[Annotator "TA"]
[PlyCount "112"]
[EventDate "2017.??.??"]
[EventCountry "ENG"]
[SourceTitle "playchess.com"]
[Source "ChessBase"]
[SourceQuality "1"]

{[%evp 14,112,25,27,47,36,44,42,49,43,53,13,41,-4,0,0,0,0,-6,-28,-17,-21,-10,-15,-23,-23,-25,-36,-22,-43,-29,-29,-25,-44,-48,-49,-37,-65,-47,-60,-60,-60,-60,-60,-60,-55,-57,-70,-71,-161,-161,-161,-154,-137,-146,-157,-157,-154,-154,-154,-147,-154,-157,-157,-154,-157,-151,-158,-157,-157,-157,-151,-157,-158,-138,-157,-138,-175,-122,-188,-188,-188,-154,-187,-188,-188,-180,-374,-370,-353,-345,-600,-472,-949,-933,-821,-820,-451,-446,-29962,-29945]} 1. e4 d6 2. d4 Nf6 3. Nc3 g6 4. Nf3 Bg7 5. Be2 O-O 6. O-O e6 7. e5 {B08: Pirc-Ufimzew-Verteidigung} dxe5 8. Nxe5 {LiveBook: 9 Partien} Qe7 $146 ({Vorgänger:} 8... Nfd7 9. Nf3 h6 10. Bf4 g5 11. Bc1 Nc6 12. Bb5 Ne7 13. Ne4 Ng6 14. c3 b6 {½-½ (48) Solomunovic,I (2436)-Dreev,A (2634) Kraljevo 2015}) 9. Bg5 {Weiß steht etwas besser.} h6 10. Be3 Rd8 11. Qc1 Kh7 12. Bf3 Nbd7 13. Nxd7 Nxd7 {[%cal Bf6d7,Bd7b6,Bb6c4][%mdl 32]} 14. a4 Nb6 15. a5 Nc4 16. a6 Rb8 17. Nb5 bxa6 18. Nxa7 Bd7 19. Rxa6 Rxb2 20. Nc6 Bxc6 $1 21. Rxc6 Nxe3 22. fxe3 Rdb8 23. Qd2 e5 {[%cal Be6e5,Be5e4][%mdl 32]} 24. Qd3 Rb1 25. Bd1 Ra1 26. d5 e4 27. d6 cxd6 28. Qxd6 Qa7 $36 {[%mdl 2048] Schwarz hat gut koordiniertes Spiel.} 29. Qc5 Qxc5 30. Rxc5 f5 31. Rd5 {[#]} (31. Kf2 $17) 31... h5 $1 $19 32. g3 Bh6 33. Rd7+ Kh8 34. Kf2 Ra3 35. Re1 Rc8 36. Rd6 Kg7 37. Rd7+ Kf6 38. Rd6+ Kf7 39. Rd7+ Ke6 40. Rb7 Rcc3 {[%cal Rh6e3]} 41. Rb6+ Kf7 {[%cal Rh6e3]} 42. Rb7+ Ke8 {[%cal Rh6e3]} 43. Rb3 Kd7 44. h3 Bg5 45. Re2 Ke6 (45... h4 $19 46. g4 fxg4 47. hxg4 Bh6 48. Rxa3 Rxa3) 46. Rb6+ (46. h4 $17 Bh6 47. Rb6+ Ke5 48. Rxg6 Bxe3+ 49. Kg2) 46... Kf7 {[%cal Rg5e3]} 47. Rb7+ Kf8 {[%cal Rg5e3]} 48. Rb3 Be7 49. Rxa3 Bxa3 {[%mdl 4096] Endspiel KTL-KTL} 50. g4 $2 (50. h4 {war einen Versuch wert.}) 50... Bc5 51. gxf5 gxf5 52. Kg3 $2 (52. Ke1 Bxe3 53. h4) 52... Bxe3 53. Kh4 (53. Kh2 $142) 53... Kf7 54. Rg2 Kf6 55. Bxh5 Bc5 56. Bd1 {[#]} (56. Be8 $19) 56... Be7 {Precision: Weiß = 48%, Schwarz = 81%.} 0-1

[Event "9th LCC FIDE Open 2017"]
[Site "London"]
[Date "2017.12.09"]
[Round "9"]
[White "Arkell, Keith C"]
[Black "Mikhalevski, Victor"]
[Result "1/2-1/2"]
[WhiteElo "2416"]
[BlackElo "2545"]
[Annotator "TA"]
[PlyCount "64"]
[EventDate "2017.??.??"]
[EventCountry "ENG"]
[SourceTitle "playchess.com"]
[Source "ChessBase"]
[SourceQuality "1"]

{[%evp 17,64,20,25,18,22,21,14,0,0,0,0,-22,-20,-27,-16,-14,-16,-28,-7,-27,-27,-35,-33,-49,-31,-29,-27,-42,-3,-7,-6,-5,-6,-4,0,0,0,0,0,0,0,0,0,0,0,0,0,-4,-6]} 1. d4 Nf6 2. Nf3 e6 3. c3 c5 4. Bg5 d5 5. e3 Nbd7 6. Nbd2 Bd6 7. Bd3 {D03: Damenbauernspiele} O-O 8. O-O h6 9. Bh4 b6 {LiveBook: 7 Partien} 10. Qe2 (10. Re1 Bb7 11. a4 Qc7 12. Qb1 a6 13. Bg3 Bxg3 14. hxg3 e5 15. dxe5 Nxe5 16. Nxe5 Qxe5 {1-0 (92) Fedoseev,V (2661)-Leko,P (2723) Moscow 2014}) 10... Bb7 11. e4 dxe4 12. Nxe4 Be7 13. Bxf6 $146 ({Vorgänger:} 13. Nxf6+ Bxf6 14. Bxf6 Qxf6 15. Be4 Bxe4 16. Qxe4 cxd4 17. Qxd4 Qxd4 18. Nxd4 {0-1 (55) Arkell,K (2450)-Sturua,Z (2556) Marianske Lazne 2016}) 13... Nxf6 14. Nxf6+ Bxf6 15. dxc5 bxc5 16. Be4 Bxe4 17. Qxe4 Qb6 18. Rab1 Rad8 19. Qe2 Rd5 20. Rfd1 Rfd8 {[#] Droht stark ...Txd1+.} 21. Rxd5 Rxd5 22. Rc1 g5 (22... c4 $5) 23. h3 {Die Stellung ist ausgeglichen.} Qd6 24. g3 Rd3 25. Qe4 Qd5 (25... Kg7 {with more complications.} 26. Kg2 Rd5 27. Re1 Qa6 28. a3 Qd6) 26. Qxd5 exd5 $11 {[%mdl 4096] Endspiel KTL-KTS} 27. Kg2 h5 28. Rc2 c4 29. g4 hxg4 30. hxg4 Kf8 31. Re2 Rd1 32. Re1 Rxe1 {Precision: Weiß = 75%, Schwarz = 82%.} 1/2-1/2

[Event "9th LCC FIDE Open 2017"]
[Site "London"]
[Date "2017.12.09"]
[Round "9"]
[White "Houska, Jovanka"]
[Black "Handke, Florian"]
[Result "0-1"]
[WhiteElo "2407"]
[BlackElo "2526"]
[Annotator "TA"]
[PlyCount "126"]
[EventDate "2017.??.??"]
[EventCountry "ENG"]
[SourceTitle "playchess.com"]
[Source "ChessBase"]
[SourceQuality "1"]

{[%evp 11,126,0,0,-3,26,-21,9,-2,1,0,0,0,0,0,0,0,0,-4,0,0,0,0,24,29,31,12,7,12,8,12,11,6,6,14,24,0,0,0,0,0,0,0,0,-18,-22,-251,-117,-112,-112,-110,-116,-361,-241,-976,-226,-226,-226,-5135,-219,-254,-243,-238,-137,-218,-91,-172,-125,-218,-218,-214,-218,-297,-205,-295,-291,-271,-207,-213,-157,-314,-280,-218,-209,-193,-117,-576,-199,-254,0,-558,-568,-463,-405,-346,-315,-5021,-5051,-940,-927,-29958,-29959,-29966,-29965,-29967,-29941,-12837,-12816,-29981,-29982,-29982,-29983,-29993,-29973,-29972,-29973,-29992,-29993]} 1. d4 Nf6 2. Nf3 g6 3. g3 Bg7 4. Bg2 d5 5. O-O O-O 6. c3 b6 7. c4 {D02: 1 d4 d5 2 Nf3 sidelines, including 2...Nf6 3 g3 and 2...Nf6 3 Bf4} Bb7 8. Ne5 e6 {[%cal Be7e6,Be6d5,Bd5d4][%mdl 32]} 9. Nc3 {The position is equal.} Nbd7 10. Bg5 h6 11. Nxd7 Qxd7 12. Bxf6 Bxf6 13. cxd5 exd5 {[#]} 14. Rc1 $146 ({Predecessor:} 14. e3 Bg7 {½-½ (52) Sargissian,G (2702)-Mamedov,R (2650) Huaian 2016}) 14... Rfd8 15. e3 Be7 16. Qb3 c5 17. dxc5 Bxc5 18. Rfd1 {[%cal Rg2d5]} d4 19. Ne4 Qe7 20. Nxc5 Bxg2 21. Kxg2 {aiming for Nd3.} bxc5 22. exd4 Rab8 23. Qf3 cxd4 24. b3 Rb5 25. Rc4 Rf5 26. Qd3 Qb7+ 27. f3 Re8 28. Qxd4 $2 (28. Rf1 $1 $11 {and White stays safe.}) 28... Qxf3+ (28... Re2+ $1 $19 29. Kg1 Rxf3) 29. Kg1 $17 Kh7 30. Rc3 Qe2 31. Rc7 $2 (31. Rcd3 $17) 31... h5 ({Weaker is} 31... Re4 32. Qd2 $15) 32. Rd7 $2 (32. Rcc1 Qxa2 33. Re1 Rxe1+ 34. Rxe1) 32... Qxa2 $2 (32... Qf3 33. Rd8 Rxd8 34. Qxd8 Qe3+ 35. Kh1 Qe2) 33. Qxa7 $19 Qxb3 34. Qd4 $2 (34. R7d3 Re1+ 35. Rxe1 Qxd3 36. Qe3) 34... Qa2 $2 (34... Qf3 {( -> ...Re2)} 35. Rd8 Rxd8 36. Qxd8 Qe3+ 37. Kh1 Qe2) 35. Qd2 Qa6 {Threatens to win with ...Re2.} 36. Qd3 Qf6 (36... Qb6+ $19 37. Qd4 Qc6) 37. Qd4 (37. Rd6 $17 Qb2 38. Qd2) 37... Qg5 (37... Qc6 $19 38. Qd2 Ree5) 38. Qd2 (38. Qa7 $17 {keeps fighting.}) 38... Qg4 39. Rd4 (39. Qa2 $17 {was necessary.}) 39... Qf3 {White must now prevent ...Re2.} 40. Rd3 Qc6 41. Rd7 Re6 42. Rd8 (42. Rc1 $142 Qb6+ 43. Qd4) 42... Re4 43. Rd4 Qc5 {Strongly threatening ...Rd5.} 44. Kg2 Re8 ({Much less strong is} 44... Rxd4 45. Qxd4 Qb5 46. Re1 $17) 45. Qa2 $2 (45. Rf4 $17) 45... Qc6+ 46. Kg1 Qf3 {And now ...Re2 would win.} 47. R4d3 Qg4 (47... Qe4 $1 $19 48. Qd2 Qc4) 48. Rd4 $2 {[%mdl 8192] [#]} (48. Rd7 $17 {is a better chance.}) 48... Re2 $2 (48... Re1+ $1 {[%mdl 512]} 49. Rxe1 Qxd4+ 50. Kg2 h4) 49. R4d2 (49. Rxg4 {only move.} Rxa2 50. Rf4) 49... Re8 $2 $40 {[%mdl 128] Black has some attack.} (49... Rxd2 50. Rxd2 h4) 50. Rd4 $1 {[%cal Rd4g4] [#]} Re1+ $1 {[%mdl 512]} 51. Rxe1 Qxd4+ {[%mdl 4096] Endgame KQR-KQR} 52. Kg2 h4 $1 {[%cal Bh5h4,Bh4h3][%mdl 32]} 53. Qe2 $2 {[#]} (53. Re7 Kg7 54. Qe2) 53... h3+ $1 {[%mdl 512]} 54. Kxh3 {[#]} Rf2 $1 {[%cal Rf2e2]} 55. Rd1 Qc5 ({Worse is} 55... Rxe2 56. Rxd4 Kh6 57. Rh4+ Kg7 58. Rf4 $11) 56. Qg4 Qc2 {[%csl Gc2][%cal Rf2h2]} 57. Qh4+ Kg7 58. Qd4+ {[#]} f6 $1 59. Qa7+ Kh6 {Black mates.} 60. Qe3+ g5 61. Qd3 Rxh2+ 62. Kg4 Qc8+ 63. Qd7 Qc4+ {Precision: White = 35%, Black = 49%.} 0-1

[Event "9th LCC FIDE Open 2017"]
[Site "London"]
[Date "2017.12.09"]
[Round "9"]
[White "Akash Pc, Iyer"]
[Black "Bartholomew, John"]
[Result "0-1"]
[WhiteElo "2390"]
[BlackElo "2448"]
[Annotator "TA"]
[PlyCount "76"]
[EventDate "2017.??.??"]
[EventCountry "ENG"]
[SourceTitle "playchess.com"]
[Source "ChessBase"]
[SourceQuality "1"]

{[%evp 20,76,36,-5,18,0,0,0,0,-20,-6,-39,-39,-37,-29,-39,-37,-37,-32,-39,-29,-55,-37,-35,-34,-65,-64,-64,-76,-64,-62,-89,-25,-25,-25,-25,-27,-29,-25,-29,-29,-41,-20,-82,-69,-75,-82,-82,-82,-83,-52,-174,-180,-170,-155,-170,-181,-1725,-1672]} 1. Nf3 d5 2. g3 Bg4 3. Bg2 Nd7 4. d3 Ngf6 5. Nbd2 c6 6. O-O e5 7. e4 dxe4 8. dxe4 Be7 9. b3 {A07: Barcza-System (Königsfianchetto mit möglichen Übergängen in andere Systeme)} O-O 10. Bb2 Qc7 11. Qe2 {LiveBook: 3 Partien. Weiß steht etwas besser.} (11. h3 $5 {[%cal Rh3g4]} Bxf3 12. Qxf3 $14 (12. Bxf3 b5 $11)) 11... b5 $146 ({Vorgänger:} 11... Rfe8 12. a4 Bf8 13. Nc4 Nc5 14. h3 Bxf3 15. Bxf3 {½-½ (46) Bareev,E (2663)-Rublevsky,S (2688) Novosibirsk 2012}) 12. Rfe1 Rfe8 13. h3 Bh5 14. Qf1 Bb4 15. c3 Bf8 16. a4 a6 17. axb5 cxb5 18. b4 Nb6 19. Rac1 Rad8 20. Red1 Qb8 21. Qe2 Rd7 22. Ba1 Red8 23. g4 {[#] Schwarz muss nun c4 beachten.} Bg6 24. Nh4 Qc7 25. Bf3 Nc4 (25... Be7 $17) 26. Nxc4 $11 Rxd1+ 27. Rxd1 Rxd1+ 28. Qxd1 Qxc4 29. Nxg6 hxg6 30. Qe1 Be7 31. g5 (31. Bb2 $11 {bleibt in der Remisbreite.}) 31... Nh5 {...Sf4 ist eine echte Drohung.} 32. Qe2 $1 {[%cal Re2c4] Schwarz sollte Dxc4 verhindern.} Qb3 {[#] Droht stark ...Sf4.} ({Natürlich nicht} 32... Bxg5 $6 33. Qxc4 bxc4 34. Be2 $14) 33. Qb2 Qe6 $36 {[%mdl 2048] Weiss muss aufpassen.} 34. Bg4 Qd6 35. h4 ({Besser ist} 35. c4 $1 $15 bxc4 36. Qxe5) 35... Qd3 $19 36. Qe2 Qb1+ 37. Qd1 Qxe4 {Und ...Sf4 würde nun gewinnen.} 38. Qf3 $2 (38. Qe2 Qb1+ 39. Qf1) 38... Qe1+ {Precision: Weiß = 36%, Schwarz = 73%.} 0-1